书目信息 |
| 题名: |
公路工程施工安全技术规程
|
|
| 作者: | 黑龙江省公路桥梁建设总公司 主编 | |
| 分册: | ||
| 出版信息: | 2000.06 |
|
| 页数: | 126页 | |
| 开本: | 32开 | |
| 丛书名: | ||
| 单 册: | ||
| 中图分类: | U415.2-65 | |
| 科图分类: | ||
| 主题词: | 道路工程 | |
| 电子资源: | ||
| ISBN: | 114 | |
| 000 | 00651nam0 2200193 45 | |
| 001 | 0009071618 | |
| 005 | 20000907161214.4 | |
| 010 | @a114@d12.00元 | |
| 100 | @a20000907d2000 km y0chiy0120 ea | |
| 101 | 0 | @achi |
| 105 | @a z 000yy | |
| 200 | 1 | @a公路工程施工安全技术规程@AGong Lu Gong Cheng Shi Gong An Quan Ji Shu Gui Cheng@f黑龙江省公路桥梁建设总公司主编@FHei Long Jiang Sheng Gong Lu Qiao Liang Jian She Zong Gong Si Zhu Bian |
| 210 | @d2000.06 | |
| 215 | @a126页@d32开 | |
| 606 | 0 | @a道路工程 |
| 690 | @aU415.2-65@v3 | |
| 701 | 0 | @a黑龙江省公路桥梁建设总公司@4主编 |
| 801 | @aCN@bPftUser@c20000907 | |
| 905 | @b125574-583@dU415.2-65@eH:271@f10 | |
| 公路工程施工安全技术规程/黑龙江省公路桥梁建设总公司主编.-2000.06 |
| 126页;32开 |
| ISBN 114:12.00元 |
| ● |
| 相关链接 |
|
|
|
正题名:公路工程施工安全技术规程
索取号:U415.2-65/H:271
 
预约/预借
| 序号 | 登录号 | 条形码 | 馆藏地/架位号 | 状态 | 备注 |
| 1 | 125574 | 201255747 | 自科库501/501自科库 52排4列5层/ [索取号:U415.2-65/H:271] | 在馆 | |
| 2 | 125575 | 201255756 | 市政与环境工程学院资料室/ [索取号:U415.2-65/H:271] | 在馆 | |
| 3 | 125576 | 201255765 | 市政与环境工程学院资料室/ [索取号:U415.2-65/H:271] | 在馆 | |
| 4 | 125577 | 201255774 | 自科库501/501自科库 52排4列5层/ [索取号:U415.2-65/H:271] | 在馆 | |
| 5 | 125578 | 201255783 | 自科库501/501自科库 52排4列5层/ [索取号:U415.2-65/H:271] | 在馆 | |
| 6 | 125579 | 201255792 | 市政与环境工程学院资料室/ [索取号:U415.2-65/H:271] | 在馆 | |
| 7 | 125580 | 201255809 | 自科库501/501自科库 52排4列5层/ [索取号:U415.2-65/H:271] | 在馆 | |
| 8 | 125581 | 201255818 | 市政与环境工程学院资料室/ [索取号:U415.2-65/H:271] | 在馆 | |
| 9 | 125582 | 201255827 | 自科库501/501自科库 52排4列5层/ [索取号:U415.2-65/H:271] | 在馆 | |
| 10 | 125583 | 201255836 | 市政与环境工程学院资料室/ [索取号:U415.2-65/H:271] | 在馆 |